| 000 | 00773nas a2200253 4500 | ||
|---|---|---|---|
| 001 | BR2011007640 | ||
| 003 | BR-BrBNA | ||
| 005 | 20231205115225.0 | ||
| 007 | ta | ||
| 008 | 230509b bl.|||p| |||| 00| 00por d | ||
| 040 |
_aBR-BrBNA _bpor _cBiblioteca Nacional de Agricultura |
||
| 041 | _a(Pt) | ||
| 072 | _aE10 | ||
| 100 | 1 | _aRuano, E. | |
| 100 | 1 | _aValente, A.L. | |
| 245 | 1 | _aPolítica pública e cultivos ilícitos na Colômbia | |
| 650 | _aPAPOULA | ||
| 650 | _aPLANTA PRODUTORA DE DROGA | ||
| 650 | _aPOLÍTICAS PÚBLICAS | ||
| 650 | _aCOMERCIALIZAÇÃO | ||
| 773 | 0 |
_tRevista de Economia e Sociologia Rural (Brazil) _xISSN 0103-2003 _g(Jan-Mar 2011), v. 49(1) p. 109-128 _wBR2011007640 |
|
| 909 |
_a202311 _bLúcia _c55 _dLúcia Elande |
||
| 942 |
_2AGRIS _n0 _cANA |
||
| 999 |
_c212698 _d212698 |
||